000 01034nam a2200217 a 4500
001 BRCA_8710
005 20190320210357.0
008 010217s1774----sp-#######---#000-0#spa-#
041 _aspa
044 _asp
084 _aBE51
_b.I53 1774
100 1 _aN/A
_921678
245 1 0 _aIndice general alfabetico, de las cosas, notables, que contienen todas las obras del muy ilustre señor D. FR. Benito Geronimo Feijoó
_bInclusas las Dedicatorias, Aprobaciones y Prólogos, y también los dos tomos de la Demostración Critico Apologética, que en defensa del Teatro Critico escribió el Rmo. P. M. D. Fr. Martin Sarmiento.
_cDispuesto por Don Joseph Santos, Vecino de esta corte
260 _aMadrid
_bPor Don Antonio de Sancha
_c1774
300 _a[16], 148 p. (t.1)
_c21.3 x 15 cm.
500 _aEstado físico: se presenta con cantos decorados y algunas hojas manchadas
650 1 4 _aCrítica e interpretación
_yObras anteriores a 1800
_921701
700 1 _aD. Fr. Benito Geronimo Feijoó
_921702
902 _aCFM
942 _2lcc
_cB
999 _c8362
_d8362